000 01073nam a22003137a 4500
003 CHAP
005 20220329143855.0
008 120412s2009 mx r 00010 spa d
010 _a103069
011 _a104041
020 _a9786074900019
035 _a114730
040 _cCHAP
082 0 4 _a861
_bR14
100 1 _aRamírez Vuelvas, Carlos.
_994338
245 1 0 _aCalíope baila con el poeta ebrio
_c/por Carlos Ramírez Vuelvas
260 _aToluca, Méx. :
_bGobierno del Estado de México,
_c2009
300 _a62 p.
490 0 _aBiblioteca Mexiquense del Bicentenario.
_pEl corazón y los confines
590 _aBATCH-UPD
_b10
_c20130110
_lUCH01
_h1923
590 _aBATCH-UPD
_b10
_c20130410
_lUCH01
_h1100
590 _aBATCH-UPD
_b10
_c20130914
_lUCH01
_h1727
590 _aCONVERSION
_b10
_c20130109
_lUCH01
_h1357
650 0 4 _aLiteratura mexicana.
_967138
830 0 _aBiblioteca Mexiquense del Bicentenario.
_pEl corazón y los confines
_912430
901 _aBK
942 _cLIBRO
949 _a861 R14
_bBC
_cLIBRO
_d33724002321561
_eLIBRO
_h116753
_i114730
_sb
999 _c103069
_d103069